Logo BPK

Biblioteka

Politechniki Koszalińskiej

Rocznik statystyczny Województw 2006 (Rekord nr 41154)

Szczegóły MARC
000 -ETYKIETA REKORDU
podpole kontrolne o stałej długości 01013nam a2200265 i 4500
001 - NUMER KONTROLNY REKORDU
pole kontrolne bg
022 ## - MIĘDZYNARODOWY ZNORMALIZOWANY NUMER WYDAWNICTW CIĄGŁYCH - ISSN
ISSN 1643-2231
040 ## - ŹRÓDŁO KATALOGOWANIA
Instytucja, która utworzyła rekord BPK
041 0# - KOD JĘZYKA
Kod języka tekstu poleng
080 ## - UNIWERSALNA KLASYFIKACJA DZIESIĘTNA - UKD
UKD 311.3(438)(083.41)
008 - POLE O STAŁEJ DŁUGOŚCI - DANE KONTROLNE
podpole kontrolne o stałej długości s pl f |000 0 pol
245 00 - TYTUŁ/ODPOWIEDZIALNOŚĆ
Tytuł Rocznik statystyczny Województw 2006
Pozostałe elementy strefy tytułu i oznaczenia odpowiedzialności Główny Urząd Statystyczny = Statistical Yearbook of the Regions - Poland 2006 / Central Statistical Office ; pod kier. Haliny Kamińskiej.
Typ dokumentu [Dokument elektroniczny] /
246 31 - WARIANT TYTUŁU
Tytuł Statistical Yearbook of the Regions - Poland 2006
250 ## - STREFA WYDANIA
Oznaczenie wydania Wyd. 6.
260 ## - STREFA ADRESU WYDAWNICZEGO
Miejsce wydania Warszawa :
Nazwa wydawcy/dystrybutora Zakład Wydawnictw Statystycznych,
Data publikacji, dystrybucji/powstania dokumentu 2006.
300 ## - STREFA OPISU FIZYCZNEGO
Objętość 1 dysk optyczny (CD ROM) :
Inne cechy fizyczne kolor ;
Rozmiary 12 cm
500 ## - UWAGI OGÓLNE
Tekst uwagi Tyt. z ekranu tyt.
546 ## - UWAGA O JĘZYKU
Uwaga o języku Możliwość wyboru jęz. ang., pol.
650 #9 - HASŁO PRZEDMIOTOWE W FORMIE NAZWY OGÓLNEJ LUB JEDNOSTKOWEJ
Nazwa ogólna lub geograficzna Polska
Określnik chronologiczny stan na 2006 r.
650 #9 - HASŁO PRZEDMIOTOWE W FORMIE NAZWY OGÓLNEJ LUB JEDNOSTKOWEJ
Nazwa ogólna lub geograficzna Gospodarka terenowa
Określnik geograficzny Polska
Określnik chronologiczny stan na 2004 r.
655 ## - TERMIN INDEKSOWY - OKREŚLENIE RODZAJU/FORMY DOKUMENTU
Określenie rodzaju/formy dokumentu Dokumenty elektroniczne
700 1# - HASŁO DODATKOWE - NAZWA OSOBOWA
Nazwa osobowa Kamińska, Halina
Określenie związku między hasłem a opisywanym materiałem Red.
710 2# - HASŁO DODATKOWE - NAZWA CIAŁA ZBIOROWEGO
Nazwa ciała zbiorowego lub jednostki geograficznej Polska.
Nazwa jednostki podrzędnej Główny Urząd Statystyczny
856 ## - LOKALIZACJA I DOSTĘP DO ELEKTRONICZNYCH DOKUMENTÓW ZDALNYCH
Link (URL) http://koha.tu.koszalin.pl/cgi-bin/koha/opac-detail.pl?biblionumber=41154
Tekst linku Katalog online BPK
942 ## - DODATKOWE ELEMENTY (KOHA)
Typ dokumentu Płyta CD
Egzemplarze
Wycofany Status egzemplarza Uszkodzony Dostępność Lokalizacja stała Lokalizacja bieżąca Miejsce przechowywania Sygnatura Kod kreskowy Dział Typ dokumentu
      Tylko na miejscu Biblioteka Politechniki Koszalińskiej Biblioteka Politechniki Koszalińskiej Czytelnia BG CD 1428 02204864 0/9(0.034.2) Dokumenty elektroniczne Płyta CD
© 2023 Biblioteka Politechniki Koszalińskiej :: KOHA